Mastering project portfolio management : a systems approach to achieving strategic objectives /

Guardado en:
Autor Principal: Bible, Michael J., 1966-
Otros Autores: Bivins, Susan S., 1941-
Formato: Libro
Idioma:English
Publicado: Ft. Lauderdale, FL : J. Ross Publishing, c2011.
Materias:
Etiquetas: Agregar Etiqueta
Sin Etiquetas, Sea el primero en etiquetar este registro!
LEADER 00964cam a2200253 a 4500
001 EAD.ead003231
008 110805s2011####flua#####b####001#0#eng##
005 20160215101744.0
245 1 0 |a Mastering project portfolio management :  |b a systems approach to achieving strategic objectives /  |c Michael J. Bible, Susan S. Bivins. 
260 |a Ft. Lauderdale, FL :  |b J. Ross Publishing,  |c c2011. 
300 |a xviii, 341 p. :  |b il. ;  |c 26 cm. 
504 |a Incluye referencias bibliográficas e índice. 
020 |a 9781604270662 (hardcover : alk. paper) 
100 1 |a Bible, Michael J.,  |d 1966- 
700 1 |a Bivins, Susan S.,  |d 1941- 
082 0 0 |a 658.4/04  |2 23 
082 0 4 |a 332.6  |2 21 
650 7 |a Administración financiera.  |2 unbist 
650 7 |a Gestión de cartera.  |2 isoc 
650 7 |a Inversiones de cartera.  |2 isoc 
010 |a  2011032661 
040 |a DLC  |c DLC  |d DLC 
050 0 0 |a HG4529.5  |b .B53 2011 
859 |a AR-BaBDC  |b BIB. ADMINISTRACION - Libros  |h 332.6  |i B471  |p b06506